[Event "Balkan Youth Online-ch 2020"]
[Site "Online"]
[Date "2020.10.31"]
[Round "2.16"]
[White "Ipek, Egehan"]
[Black "Lavrencic, Matic"]
[Result "1-0"]
[WhiteElo "1723"]
[BlackElo "2018"]
[Annotator "TA"]
[PlyCount "65"]
[EventDate "2020.10.31"]
[EventType "swiss"]
[SourceTitle "playchess.com"]
[Source "ChessBase"]
[SourceQuality "1"]

{[%evp 15,64,-18,-25,-25,-16,-22,-28,-51,-30,-22,-21,-27,-16,-27,0,0,0,0,0,-4,296,76,76,75,77,72,85,73,217,208,949,935,918,910,903,864,855,443,5781,5222,29987,1716,29990,29991,29991,29991,29991,29992,29998,29999,29999]} 1. Nf3 Nf6 2. c4 e6 3. Nc3 Bb4 4. g3 O-O 5. Bg2 d5 6. cxd5 exd5 7. d4 c6 8. O-O Re8 9. a3 {E20: Nimzo-Indian: 4 g3 and 4 f3.} Bf8 {[#]} 10. Bf4 $146 ({Predecessor:} 10. Ne5 Nbd7 11. f4 Nb6 12. e3 Nfd7 13. b3 f6 14. Nd3 Bd6 15. f5 a5 16. a4 Nb8 {1-0 (52) Pliester,L (2374)-Blom,V (2123) Bussum 2009}) 10... Bf5 11. b4 {Black has an edge.} a6 12. Ne5 Nbd7 13. Re1 Nxe5 14. dxe5 Nd7 15. e4 dxe4 16. Bxe4 Bxe4 17. Rxe4 {And now Rd4 would win.} g5 $2 {[%mdl 8192]} (17... Qc8 $11 {and Black has nothing to worry.}) 18. Qg4 $2 (18. Rd4 $18 {is more deadly.} gxf4 19. Qg4+ (19. Rxd7 Qg5 $14) 19... Kh8 20. Rxd7 {[%mdl 64] Double Attack}) 18... h5 $16 19. Qf5 gxf4 {[#]} 20. Rd1 $1 {[%cal Rd1d7]} Re6 {White must now prevent ...fxg3.} 21. Red4 (21. Rxf4 $2 Qe7 $19) 21... fxg3 (21... Qe7 $16 {keeps fighting.} 22. Rxd7 Rxe5 23. Qxf4 (23. Rxe7 Rxf5 24. Rxb7 a5 $11) 23... Qe6) 22. Rxd7 $40 {[%mdl 192] Double Attack. White wants a kill.} gxh2+ $2 {[#]} (22... gxf2+ 23. Kf1 (23. Kxf2 Qh4+ 24. Kg2 Qg4+ 25. Qxg4+ hxg4 $11) (23. Qxf2 Qe8 $11) 23... Qe8) 23. Kh1 $1 {[%mdl 512]} Qe8 24. Ne4 {[%cal Bc3e4,Be4g5,Bg5f7,Bf7h6][%mdl 32]} Bg7 25. Ng5 Rg6 26. Nxf7 Rg1+ (26... Qe6 $142 27. Rd8+ (27. Qxh5 Rg1+ 28. Kxh2 Rxd1 $15) 27... Rxd8 28. Rxd8+ Bf8 29. Nh6+ {[%mdl 64] Pin} Kh7) 27. Rxg1 hxg1=Q+ 28. Kxg1 {Threatening mate with Ng5.} Qf8 {[#]} 29. Qg6 $1 {[%mdl 512] White mates.} Re8 30. Nh6+ Kh8 31. Rf7 Re7 32. Rxf8+ {[%mdl 64] Back Rank} Bxf8 33. Qg8# {Av CentiPawn Loss W=60/B=12. Weighted=-12/69} 1-0

[Event "Balkan Youth Online-ch 2020"]
[Site "Online"]
[Date "2020.10.31"]
[Round "2.18"]
[White "Milanovic, Marko"]
[Black "Cvetkovski, Gjorgji"]
[Result "1-0"]
[WhiteElo "2066"]
[BlackElo "1332"]
[Annotator "TA"]
[PlyCount "53"]
[EventDate "2020.10.31"]
[EventType "swiss"]
[SourceTitle "playchess.com"]
[Source "ChessBase"]
[SourceQuality "1"]

{[%evp 10,52,77,78,97,81,154,148,168,88,98,72,93,42,37,19,33,19,24,0,81,101,241,239,217,139,435,434,427,408,475,500,556,548,513,508,591,577,1255,1251,1211,1188,29986,29987,29999]} 1. e4 e5 2. Nf3 Nc6 3. Bc4 Bc5 4. c3 h6 5. d4 exd4 6. cxd4 Bb4+ {C53: Giuoco Piano sidelines.} 7. Nc3 d6 (7... Nge7 $142) 8. O-O $16 Nf6 {White is clearly better.} 9. Re1 (9. d5 $18 Bxc3 10. dxc6 (10. bxc3 Ne7 $16)) 9... O-O 10. a3 Ba5 {[#]} 11. Qd3 $146 (11. b4 $16 Bb6 12. h3) ({Predecessor:} 11. Bd3 Bg4 12. h3 Bh5 13. e5 dxe5 14. dxe5 Nd5 15. Be2 Nxc3 16. bxc3 Bxc3 17. g4 {0-1 (24) Jokmin,G (566)-McCarty,A (685) LSS email 2011}) 11... Bg4 $14 12. b4 Bb6 {next ...Bxf3 is good for Black.} 13. Be3 $36 {[%mdl 2048] White has the initiative.} Bxf3 14. gxf3 a6 (14... Nh5 $11 {remains equal.}) 15. Kh1 $16 Qe7 (15... Nh5 $16 {keeps fighting.}) 16. Rg1 $18 {Black must now prevent Bxh6.} Kh8 17. Rae1 Rad8 $2 {[%mdl 8192] [#] Black cannot hold the game after this.} (17... Qd7 $16) 18. Nd5 Nxd5 19. exd5 Qf6 {[%cal Rc6d4]} 20. dxc6 bxc6 21. Rg3 d5 22. Bb3 Rfe8 23. Reg1 Rg8 24. Bc2 {[%csl Gc2][%cal Rd3h7] [#]} g6 25. Bxh6 Qxd4 26. Rh3 Qxd3 27. Bf8# {Av CentiPawn Loss W=-17/B=-117. Weighted=-15/-83} 1-0

[Event "Balkan Youth Online-ch 2020"]
[Site "Online"]
[Date "2020.10.31"]
[Round "2.19"]
[White "Boeru, Dragos-Matei"]
[Black "Kalin, Andrei"]
[Result "1-0"]
[WhiteElo "1756"]
[BlackElo "1426"]
[Annotator "NA RC"]
[PlyCount "185"]
[EventDate "2020.10.31"]
[EventType "swiss"]
[SourceTitle "playchess.com"]
[Source "ChessBase"]
[SourceQuality "1"]
[TimeControl "5400+30"]

1. e4 {[%emt 1:05:20]} c5 {[%emt 1:05:23]} 2. Nc3 {[%emt 0:00:24]} d6 {[%emt 0:00:25]} 3. f4 {[%emt 0:00:22]} Nc6 {[%emt 0:00:30]} 4. Nf3 {[%emt 0:00:24]} Nf6 {[%emt 0:00:23]} 5. g3 {[%emt 0:00:25]} Bd7 {[%emt 0:00:28]} 6. Bg2 {[%emt 0:00:23]} a6 {[%emt 0:00:46]} 7. d3 {[%emt 0:00:26]} Qc7 {[%emt 0:00:31]} 8. O-O {[%emt 0:00:24]} e6 {[%emt 0:00:22]} 9. Be3 {[%emt 0:00:28]} Be7 {[%emt 0:00:57]} 10. Bf2 {[%emt 0:00:25]} O-O-O {[%emt 0:01:36]} 11. Ng5 {[%emt 0:00:28]} Rhf8 {[%emt 0:00:48]} 12. Re1 {[%emt 0:00:31]} h6 {[%emt 0:00:31]} 13. Nf3 {[%emt 0:00:25]} e5 {[%emt 0:02:17]} 14. f5 {[%emt 0:02:21]} g6 {[%emt 0:02:22]} 15. fxg6 {[%emt 0:00:51]} fxg6 {[%emt 0:00:38]} 16. Qd2 {[%emt 0:00:56]} g5 {[%emt 0:02:37]} 17. Be3 {[%emt 0:00:52]} Be6 {[%emt 0:01:22]} 18. a3 {[%emt 0:01:04]} Nd4 {[%emt 0:01:28]} 19. Bxd4 {[%emt 0:00:46]} cxd4 {[%emt 0:00:39]} 20. Nd1 {[%emt 0:00:40]} Kb8 {[%emt 0:01:47]} 21. Rc1 {[%emt 0:01:14]} Rc8 {[%emt 0:00:28]} 22. Kh1 {[%emt 0:01:34]} Qd7 {[%emt 0:00:41]} 23. Nf2 {[%emt 0:01:31]} Nh5 {[%emt 0:02:21]} 24. Qe2 {[%emt 0:03:25]} Nf6 {[%emt 0:01:14]} 25. c3 {[%emt 0:00:51]} dxc3 {[%emt 0:00:45]} 26. Rxc3 {[%emt 0:00:23]} Bd8 {[%emt 0:01:36]} 27. Rec1 {[%emt 0:01:44]} Bb6 {[%emt 0:00:27]} 28. Nd1 {[%emt 0:01:05]} Ng4 {[%emt 0:03:04]} 29. h3 {[%emt 0:02:01]} Nf6 {[%emt 0:03:05]} 30. g4 {[%emt 0:00:28]} Ng8 {[%emt 0:01:31]} 31. Ne3 {[%emt 0:01:26]} Bxe3 {[%emt 0:01:04]} 32. Qxe3 {[%emt 0:00:38]} Ne7 {[%emt 0:01:18]} 33. Nd2 {[%emt 0:02:13]} Ng6 {[%emt 0:01:37]} 34. Nc4 {[%emt 0:00:57]} Nf4 {[%emt 0:00:46]} 35. Nb6 {[%emt 0:00:38]} Qb5 {[%emt 0:00:43]} 36. Nxc8 {[%emt 0:00:46]} Rxc8 {[%emt 0:00:23]} 37. b4 {[%emt 0:02:10]} Qa4 {[%emt 0:01:20]} 38. Qd2 {[%emt 0:01:16]} Rxc3 {[%emt 0:00:26]} 39. Rxc3 {[%emt 0:00:44]} Qd7 {[%emt 0:00:38]} 40. Qe1 {[%emt 0:01:07]} Qe7 {[%emt 0:00:29]} 41. Bf1 {[%emt 0:00:35]} Bd7 {[%emt 0:00:27]} 42. Bg2 {[%emt 0:01:01]} Bb5 {[%emt 0:00:25]} 43. Bf1 {[%emt 0:00:28]} Be8 {[%emt 0:00:36]} 44. Qc1 {[%emt 0:00:32]} Qf7 {[%emt 0:00:28]} 45. Rc8+ {[%emt 0:00:37]} Ka7 {[%emt 0:00:27]} 46. Qc4 {[%emt 0:00:44]} Qxc4 {[%emt 0:00:41]} 47. dxc4 {[%emt 0:00:46]} Ba4 {[%emt 0:00:25]} 48. Rd8 {[%emt 0:00:33]} Bc2 {[%emt 0:00:24]} 49. Rxd6 {[%emt 0:00:26]} Bxe4+ {[%emt 0:00:24]} 50. Kh2 {[%emt 0:00:22]} h5 {[%emt 0:00:26]} 51. gxh5 {[%emt 0:00:32]} Nxh5 {[%emt 0:00:22]} 52. Bd3 {[%emt 0:00:27]} Bf3 {[%emt 0:00:52]} 53. Bc2 {[%emt 0:00:40]} g4 {[%emt 0:00:36]} 54. hxg4 {[%emt 0:00:30]} Bxg4 {[%emt 0:00:22]} 55. Rd5 {[%emt 0:00:22]} Nf4 {[%emt 0:00:33]} 56. Rxe5 {[%emt 0:00:27]} Be2 {[%emt 0:00:26]} 57. Kg3 {[%emt 0:00:34]} Nh5+ {[%emt 0:00:27]} 58. Kf2 {[%emt 0:00:33]} Bg4 {[%emt 0:00:27]} 59. Rg5 {[%emt 0:00:42]} Nf6 {[%emt 0:00:34]} 60. Ke3 {[%emt 0:00:33]} Bc8 {[%emt 0:00:33]} 61. c5 {[%emt 0:00:24]} Nd7 {[%emt 0:00:30]} 62. Bf5 {[%emt 0:00:24]} Kb8 {[%emt 0:00:24]} 63. Rg8 {[%emt 0:00:34]} Kc7 {[%emt 0:00:23]} 64. Bxd7 {[%emt 0:00:30]} Bxd7 {[%emt 0:00:24]} 65. Rg7 {[%emt 0:00:22]} Kc6 {[%emt 0:00:34]} 66. Kd4 {[%emt 0:00:24]} Be6 {[%emt 0:00:53]} 67. Rg6 {[%emt 0:00:26]} Kd7 {[%emt 0:00:22]} 68. Ke5 {[%emt 0:00:27]} Bc4 {[%emt 0:00:29]} 69. Rd6+ {[%emt 0:00:36]} Kc7 {[%emt 0:00:24]} 70. Kf6 {[%emt 0:00:24]} Bb5 {[%emt 0:00:26]} 71. Ke7 {[%emt 0:00:23]} Ba4 {[%emt 0:00:27]} 72. Rf6 {[%emt 0:00:38]} Bb5 {[%emt 0:00:31]} 73. Rb6 {[%emt 0:00:27]} Ba4 {[%emt 0:00:43]} 74. Ke6 {[%emt 0:00:25]} Be8 {[%emt 0:00:28]} 75. Kd5 {[%emt 0:00:28]} Ba4 {[%emt 0:00:25]} 76. Kc4 {[%emt 0:00:23]} Kb8 {[%emt 0:00:44]} 77. Rg6 {[%emt 0:00:39]} Bb5+ {[%emt 0:00:24]} 78. Kb3 {[%emt 0:00:24]} Bc6 {[%emt 0:00:30]} 79. Rg7 {[%emt 0:00:25]} Ka7 {[%emt 0:00:35]} 80. a4 {[%emt 0:00:26]} Kb8 {[%emt 0:00:26]} 81. Rg1 {[%emt 0:00:25]} Bd5+ {[%emt 0:00:22]} 82. Kc3 {[%emt 0:00:23]} Bc6 {[%emt 0:00:22]} 83. Ra1 {[%emt 0:00:22]} Ka7 {[%emt 0:00:46]} 84. Kc4 {[%emt 0:00:23]} Kb8 {[%emt 0:00:30]} 85. b5 {[%emt 0:00:23]} axb5+ {[%emt 0:00:23]} 86. axb5 {[%emt 0:00:22]} Bd7 {[%emt 0:00:23]} 87. b6 {[%emt 0:00:22]} Bc6 {[%emt 0:00:46]} 88. Rd1 {[%emt 0:00:24]} Kc8 {[%emt 0:00:22]} 89. Rd6 {[%emt 0:00:31]} Be8 {[%emt 0:00:33]} 90. Kd4 {[%emt 0:00:22]} Bf7 {[%emt 0:00:36]} 91. Ke5 {[%emt 0:00:23]} Bg8 {[%emt 0:00:33]} 92. Kf6 {[%emt 0:00:23]} Bc4 {[%emt 0:00:26]} 93. Ke7 {[%emt 0:00:23]} 1-0

[Event "Balkan Youth Online-ch 2020"]
[Site "Online"]
[Date "2020.10.31"]
[Round "2.20"]
[White "Ivanov, Svetlen"]
[Black "Markov, Daniel"]
[Result "1-0"]
[WhiteElo "1781"]
[BlackElo "1386"]
[Annotator "NA RC"]
[PlyCount "153"]
[EventDate "2020.10.31"]
[EventType "swiss"]
[SourceTitle "playchess.com"]
[Source "ChessBase"]
[SourceQuality "1"]
[TimeControl "5400+30"]

1. e4 {[%emt 1:05:20]} c5 {[%emt 1:05:23]} 2. Nf3 {[%emt 0:00:22]} d6 {[%emt 0:00:22]} 3. d4 {[%emt 0:00:22]} cxd4 {[%emt 0:00:22]} 4. Nxd4 {[%emt 0:00:22]} Nf6 {[%emt 0:00:22]} 5. Nc3 {[%emt 0:00:22]} e6 {[%emt 0:00:24]} 6. Be2 {[%emt 0:00:38]} a6 {[%emt 0:00:23]} 7. O-O {[%emt 0:00:24]} b5 {[%emt 0:00:23]} 8. a3 {[%emt 0:00:30]} Bb7 {[%emt 0:00:27]} 9. f3 {[%emt 0:00:23]} Nbd7 {[%emt 0:00:25]} 10. Be3 {[%emt 0:01:23]} Nb6 {[%emt 0:00:26]} 11. Nb3 {[%emt 0:01:21]} Rc8 {[%emt 0:01:13]} 12. Na5 {[%emt 0:01:49]} Qc7 {[%emt 0:02:07]} 13. Qd4 {[%emt 0:04:47]} Nfd7 {[%emt 0:01:56]} 14. f4 {[%emt 0:03:29]} d5 {[%emt 0:02:19]} 15. Nxb7 {[%emt 0:01:20]} Qxb7 {[%emt 0:00:28]} 16. exd5 {[%emt 0:00:35]} Bc5 {[%emt 0:00:44]} 17. Qd2 {[%emt 0:00:48]} Bxe3+ {[%emt 0:00:50]} 18. Qxe3 {[%emt 0:00:23]} Nxd5 {[%emt 0:00:37]} 19. Nxd5 {[%emt 0:02:20]} Qxd5 {[%emt 0:00:55]} 20. Rad1 {[%emt 0:00:29]} Qb7 {[%emt 0:00:45]} 21. Bf3 {[%emt 0:01:39]} Qb6 {[%emt 0:02:37]} 22. Qxb6 {[%emt 0:01:28]} Nxb6 {[%emt 0:00:27]} 23. Rf2 {[%emt 0:00:55]} Rc7 {[%emt 0:01:53]} 24. Rd6 {[%emt 0:01:02]} Nc4 {[%emt 0:00:47]} 25. Rxa6 {[%emt 0:00:25]} Ke7 {[%emt 0:01:58]} 26. b3 {[%emt 0:00:52]} Ne3 {[%emt 0:00:26]} 27. Rc6 {[%emt 0:01:35]} Rhc8 {[%emt 0:00:55]} 28. Rxc7+ {[%emt 0:00:39]} Rxc7 {[%emt 0:00:23]} 29. Be4 {[%emt 0:00:31]} Ra7 {[%emt 0:00:46]} 30. Re2 {[%emt 0:00:26]} Nd1 {[%emt 0:00:48]} 31. Rd2 {[%emt 0:01:27]} Nc3 {[%emt 0:00:38]} 32. Bc6 {[%emt 0:00:23]} Rxa3 {[%emt 0:01:45]} 33. Rd3 {[%emt 0:00:52]} Ra1+ {[%emt 0:03:43]} 34. Kf2 {[%emt 0:00:26]} b4 {[%emt 0:00:34]} 35. Rd4 {[%emt 0:01:08]} Na2 {[%emt 0:00:31]} 36. Be4 {[%emt 0:00:39]} f5 {[%emt 0:02:35]} 37. Bd3 {[%emt 0:00:29]} Rd1 {[%emt 0:01:06]} 38. Rc4 {[%emt 0:00:51]} Nc1 {[%emt 0:02:01]} 39. Bf1 {[%emt 0:01:12]} Na2 {[%emt 0:00:33]} 40. Be2 {[%emt 0:00:48]} Rd2 {[%emt 0:00:40]} 41. Ke3 {[%emt 0:00:33]} Rd7 {[%emt 0:01:08]} 42. Rc6 {[%emt 0:01:05]} Nc3 {[%emt 0:01:39]} 43. Rc4 {[%emt 0:01:28]} Na2 {[%emt 0:00:27]} 44. Rd4 {[%emt 0:00:27]} Rxd4 {[%emt 0:00:44]} 45. Kxd4 {[%emt 0:00:25]} Kf6 {[%emt 0:00:22]} 46. h4 {[%emt 0:00:30]} h6 {[%emt 0:00:30]} 47. h5 {[%emt 0:00:24]} g6 {[%emt 0:01:30]} 48. hxg6 {[%emt 0:00:39]} Kxg6 {[%emt 0:00:22]} 49. Ke5 {[%emt 0:00:25]} Kf7 {[%emt 0:00:34]} 50. Bc4 {[%emt 0:00:26]} Nc3 {[%emt 0:00:47]} 51. Bxe6+ {[%emt 0:00:24]} Ke7 {[%emt 0:00:24]} 52. Bxf5 {[%emt 0:00:23]} Ne2 {[%emt 0:00:24]} 53. g4 {[%emt 0:00:34]} Ng1 {[%emt 0:00:37]} 54. Be4 {[%emt 0:00:27]} Nh3 {[%emt 0:00:44]} 55. f5 {[%emt 0:01:15]} Ng5 {[%emt 0:00:30]} 56. Bd5 {[%emt 0:00:24]} Nh7 {[%emt 0:00:31]} 57. Bf3 {[%emt 0:00:36]} Nf6 {[%emt 0:00:26]} 58. Kd4 {[%emt 0:00:25]} Kd6 {[%emt 0:00:33]} 59. Kc4 {[%emt 0:00:26]} Kc7 {[%emt 0:00:22]} 60. Kxb4 {[%emt 0:00:22]} Kb6 {[%emt 0:00:22]} 61. Kc4 {[%emt 0:00:23]} Kc7 {[%emt 0:00:31]} 62. b4 {[%emt 0:00:25]} Kb6 {[%emt 0:00:22]} 63. b5 {[%emt 0:00:34]} Nd7 {[%emt 0:00:23]} 64. Kb4 {[%emt 0:00:35]} Ne5 {[%emt 0:00:27]} 65. Be2 {[%emt 0:00:23]} Nd7 {[%emt 0:00:29]} 66. c4 {[%emt 0:00:28]} Nf6 {[%emt 0:00:52]} 67. c5+ {[%emt 0:00:25]} Kc7 {[%emt 0:00:22]} 68. Bf3 {[%emt 0:00:22]} Nd7 {[%emt 0:00:25]} 69. b6+ {[%emt 0:00:26]} Kb8 {[%emt 0:00:24]} 70. Kb5 {[%emt 0:00:24]} Nf6 {[%emt 0:00:25]} 71. c6 {[%emt 0:00:23]} Ne8 {[%emt 0:00:32]} 72. Kc5 {[%emt 0:00:31]} Kc8 {[%emt 0:00:25]} 73. Be2 {[%emt 0:00:25]} Kb8 {[%emt 0:00:25]} 74. c7+ {[%emt 0:00:35]} Kc8 {[%emt 0:00:27]} 75. Kc6 {[%emt 0:00:28]} Nxc7 {[%emt 0:00:27]} 76. bxc7 {[%emt 0:00:21]} h5 {[%emt 0:00:22]} 77. Ba6# {[%emt 0:00:22]} 1-0

[Event "Balkan Youth Online-ch 2020"]
[Site "Online"]
[Date "2020.10.31"]
[Round "2.22"]
[White "Nikolovski, Kiril"]
[Black "Milovic, Ilija"]
[Result "1-0"]
[WhiteElo "1282"]
[BlackElo "1044"]
[Annotator "NA RC"]
[PlyCount "127"]
[EventDate "2020.10.31"]
[EventType "swiss"]
[SourceTitle "playchess.com"]
[Source "ChessBase"]
[SourceQuality "1"]
[TimeControl "5400+30"]

1. e4 {[%emt 1:05:20]} d5 {[%emt 1:05:26]} 2. exd5 {[%emt 0:00:22]} Nf6 {[%emt 0:00:24]} 3. d4 {[%emt 0:00:25]} Nxd5 {[%emt 0:00:25]} 4. c4 {[%emt 0:00:38]} Nf6 {[%emt 0:00:24]} 5. Nc3 {[%emt 0:00:29]} Bg4 {[%emt 0:00:31]} 6. Be2 {[%emt 0:00:28]} Bxe2 {[%emt 0:00:25]} 7. Ngxe2 {[%emt 0:00:22]} e6 {[%emt 0:00:24]} 8. O-O {[%emt 0:00:23]} Bb4 {[%emt 0:00:24]} 9. Bg5 {[%emt 0:00:49]} h6 {[%emt 0:00:34]} 10. Bxf6 {[%emt 0:00:45]} Qxf6 {[%emt 0:00:29]} 11. Qa4+ {[%emt 0:00:27]} Nc6 {[%emt 0:00:39]} 12. d5 {[%emt 0:00:26]} exd5 {[%emt 0:00:23]} 13. cxd5 {[%emt 0:00:55]} Bxc3 {[%emt 0:00:26]} 14. Nxc3 {[%emt 0:00:23]} O-O {[%emt 0:00:36]} 15. dxc6 {[%emt 0:00:27]} Qxc6 {[%emt 0:00:26]} 16. Qxc6 {[%emt 0:00:25]} bxc6 {[%emt 0:00:22]} 17. Rac1 {[%emt 0:00:24]} Rfe8 {[%emt 0:00:34]} 18. Rfe1 {[%emt 0:00:30]} Rxe1+ {[%emt 0:00:29]} 19. Rxe1 {[%emt 0:00:23]} Rb8 {[%emt 0:00:29]} 20. Re2 {[%emt 0:00:35]} Kf8 {[%emt 0:00:55]} 21. f4 {[%emt 0:00:31]} f5 {[%emt 0:00:35]} 22. Kf2 {[%emt 0:00:25]} h5 {[%emt 0:00:31]} 23. a3 {[%emt 0:00:29]} Kf7 {[%emt 0:00:37]} 24. Ke3 {[%emt 0:00:32]} Re8+ {[%emt 0:00:47]} 25. Kd4 {[%emt 0:00:27]} Rd8+ {[%emt 0:00:36]} 26. Kc5 {[%emt 0:00:36]} Rd6 {[%emt 0:00:38]} 27. Re1 {[%emt 0:00:56]} Kf6 {[%emt 0:00:59]} 28. Rd1 {[%emt 0:00:39]} Re6 {[%emt 0:00:44]} 29. Rd7 {[%emt 0:00:37]} g5 {[%emt 0:00:32]} 30. fxg5+ {[%emt 0:00:33]} Kxg5 {[%emt 0:00:44]} 31. Rxc7 {[%emt 0:00:25]} Re1 {[%emt 0:00:41]} 32. Rxa7 {[%emt 0:00:30]} Rc1 {[%emt 0:01:38]} 33. Kc4 {[%emt 0:00:42]} Rc2 {[%emt 0:00:31]} 34. b4 {[%emt 0:00:25]} Kf4 {[%emt 0:00:45]} 35. Rg7 {[%emt 0:00:27]} h4 {[%emt 0:00:26]} 36. a4 {[%emt 0:00:30]} h3 {[%emt 0:00:27]} 37. gxh3 {[%emt 0:00:46]} Rxh2 {[%emt 0:00:23]} 38. a5 {[%emt 0:00:27]} Rxh3 {[%emt 0:00:31]} 39. a6 {[%emt 0:00:23]} Kf3 {[%emt 0:00:30]} 40. a7 {[%emt 0:00:58]} Rh8 {[%emt 0:00:27]} 41. Kc5 {[%emt 0:00:22]} Rc8 {[%emt 0:01:28]} 42. Na4 {[%emt 0:00:25]} Rf8 {[%emt 0:00:49]} 43. Nb6 {[%emt 0:00:26]} f4 {[%emt 0:00:29]} 44. a8=Q {[%emt 0:00:23]} Rxa8 {[%emt 0:00:24]} 45. Nxa8 {[%emt 0:00:22]} Kf2 {[%emt 0:00:22]} 46. Kxc6 {[%emt 0:00:21]} f3 {[%emt 0:00:23]} 47. b5 {[%emt 0:00:21]} Kf1 {[%emt 0:00:22]} 48. b6 {[%emt 0:00:22]} f2 {[%emt 0:00:21]} 49. b7 {[%emt 0:00:21]} Ke1 {[%emt 0:00:23]} 50. Rf7 {[%emt 0:00:22]} f1=Q {[%emt 0:00:23]} 51. Rxf1+ {[%emt 0:00:22]} Kxf1 {[%emt 0:00:22]} 52. b8=Q {[%emt 0:00:22]} Ke2 {[%emt 0:00:23]} 53. Qf4 {[%emt 0:00:23]} Kd3 {[%emt 0:00:23]} 54. Kd5 {[%emt 0:00:22]} Kc3 {[%emt 0:00:55]} 55. Qc4+ {[%emt 0:00:23]} Kb2 {[%emt 0:00:36]} 56. Kd4 {[%emt 0:00:25]} Kb1 {[%emt 0:00:43]} 57. Qd3+ {[%emt 0:00:33]} Kc1 {[%emt 0:00:24]} 58. Ke3 {[%emt 0:00:30]} Kb2 {[%emt 0:00:24]} 59. Nc7 {[%emt 0:00:23]} Ka2 {[%emt 0:00:28]} 60. Qc3 {[%emt 0:00:22]} Kb1 {[%emt 0:00:23]} 61. Qd2 {[%emt 0:00:25]} Ka1 {[%emt 0:00:23]} 62. Kd3 {[%emt 0:00:23]} Kb1 {[%emt 0:00:23]} 63. Kc3 {[%emt 0:00:22]} Ka1 {[%emt 0:00:22]} 64. Qb2# {[%emt 0:00:22]} 1-0

[Event "Balkan Youth Online-ch 2020"]
[Site "Online"]
[Date "2020.10.31"]
[Round "2.23"]
[White "Yavuz, Efe Metehan"]
[Black "Stamatiou, Rodolfos"]
[Result "1-0"]
[WhiteElo "1981"]
[BlackElo "2015"]
[Annotator "TA"]
[PlyCount "121"]
[EventDate "2020.10.31"]
[EventType "swiss"]
[SourceTitle "playchess.com"]
[Source "ChessBase"]
[SourceQuality "1"]

{[%evp 18,121,-8,-15,-6,-16,-18,-21,0,0,0,0,0,-10,0,-3,1,-10,-8,-15,-19,-33,-8,-34,0,-75,0,0,0,4,20,-4,0,-4,-8,0,-4,0,79,69,82,-19,-17,-12,-12,-21,-19,-25,-24,-27,0,0,0,0,0,0,0,0,0,0,0,0,0,0,0,0,0,0,0,0,163,139,125,133,143,97,225,204,430,412,290,0,111,107,601,582,422,162,161,151,1052,891,806,678,12845,1121,12841,2258,12845,12846,12850,27999,27999,27998,27999,27999]} 1. e4 c5 2. Nc3 Nc6 3. d3 g6 4. g3 Bg7 5. Bg2 e6 6. Be3 d6 7. f4 Nge7 8. Nf3 O-O 9. O-O Rb8 10. a4 Nd4 {B25: Closed Sicilian: 3 g3, lines without early Be3.} 11. Rb1 Nec6 12. Ne2 a6 {The position is equal.} 13. c3 Nxf3+ 14. Bxf3 b5 15. axb5 axb5 16. d4 {[#]} cxd4 $146 ({Predecessor:} 16... c4 17. Qe1 d5 18. e5 b4 19. g4 bxc3 20. bxc3 Bd7 21. Qg3 Ne7 22. h4 Rxb1 23. Rxb1 {½-½ (45) Bosma,J-Beukema,J (1844) Rotterdam 2014}) 17. Nxd4 Nxd4 18. Bxd4 e5 19. Be3 b4 20. c4 (20. f5 $5) 20... b3 21. Be2 (21. f5 $11) 21... f5 ({Better is} 21... exf4 $17 22. Bxf4 Qb6+ 23. Kg2 Rd8) 22. fxe5 Bxe5 23. Qd5+ Kg7 24. c5 Re8 $1 25. Bd4 Rb4 26. Bxe5+ $1 Rxe5 {[%mdl 64] Double Attack} 27. Qxd6 Qe8 (27... Qxd6 $11 28. cxd6 Rexe4) 28. Bd3 {And now c6 would win.} fxe4 29. c6 (29. Be2 $16 Qe7 30. Rbc1) 29... Qe7 $11 30. Qxe7+ Rxe7 31. Be2 $1 Rc7 32. Rfc1 Rb6 33. Rc3 Rcxc6 (33... Rbxc6 {looks sharper.} 34. Rxb3 Rc2 35. Re3 Bb7 36. Kf2 Ba6) 34. Rbc1 Rxc3 35. Rxc3 {[%mdl 4096] Endgame KRB-KRB} Be6 36. Kf2 Rb7 37. Ke3 Ra7 38. Bd1 Ra1 39. Bxb3 Bf5 40. Rc7+ Kf6 41. h4 h5 42. Kd4 {[%csl Gb3][%cal Rc7f7]} (42. Bc4 {feels hotter.} Ke5 43. Rc5+ Kd6 44. Rd5+ Kc7 45. Be2) 42... g5 $1 43. Rc6+ Ke7 $2 (43... Kg7 $11 {and Black stays safe.}) 44. hxg5 $18 {Threatens to win with g6.} Rg1 45. Rc3 Kd6 46. Ba4 Ra1 (46... Rb1 $16) 47. Rc6+ Kd7 $2 (47... Ke7 {keeps fighting.}) 48. Ra6+ Ke7 {[#]} 49. b3 $2 ({White must play} 49. Bb5 $1 $18 Rd1+ 50. Ke5) 49... Rg1 (49... Rd1+ $1 $11 {keeps the balance.} 50. Ke5 e3 51. Ra7+ (51. Kxf5 Rd5+ 52. Kf4 e2 $11) 51... Bd7 52. Bxd7 Rxd7) 50. Ke5 $16 Bc8 $2 {[%mdl 8192]} (50... e3 $16 51. Bb5 (51. Kxf5 Rf1+ 52. Kg6 e2 $11) 51... Bg4) 51. Ra7+ $18 Kd8 {intending ...e3.} 52. Kf4 $2 (52. g6) 52... e3 {aiming for ...e2.} 53. Bb5 {Hoping for g6.} ({And not} 53. Kxe3 Rxg3+ 54. Kf4 Rg4+ 55. Ke5 Rxg5+ 56. Kf4 Rg4+ 57. Ke5 h4 $11) 53... Bg4 $2 (53... Rg2 $16 54. Bd3 e2) 54. g6 Be6 55. g7 h4 56. gxh4 (56. Bc4 $142 Bxc4 57. bxc4 Rxg3 58. Ra8+ Kd7 59. g8=Q Rxg8 60. Rxg8) 56... Rg4+ 57. Kxe3 (57. Kf3 $142 Rxh4 58. Bc4 {[%mdl 64] Promotion} Rxc4 59. bxc4) 57... Rxh4 {[#]} 58. Bc4 $1 {[%mdl 64] Promotion} Bxc4 59. bxc4 {[%cal Rg7g8]} Rg4 {[#]} 60. g8=Q+ $1 Rxg8 61. Ra8+ {Av CentiPawn Loss W=237/B=-101. Weighted=71/-68} 1-0